Adèle - Paroles All I Ask - Statistiques

Statistiques générales
  • Ce quiz a été pris 185 fois
  • Le résultat moyen est 221 sur 293
Statistiques - réponses
Hint Réponse % Correct
a
100%
Paroles I
100%
all
99%
All
99%
is
98%
you
98%
ask
97%
If
94%
if
94%
my
94%
this
94%
with
93%
last
92%
night
92%
Like
91%
like
91%
me
91%
the
91%
just
88%
Hold
85%
do
84%
more
84%
than
84%
can
83%
friend
83%
I'm
82%
love
82%
we
82%
Give
81%
us
80%
memory
79%
what
79%
by
78%
be
77%
no
76%
No
76%
use
76%
again?
75%
lovers
75%
to?
75%
never
74%
Take
74%
It
73%
who
72%
hand
70%
heart
69%
leave
69%
at
68%
know
68%
don't
67%
matters
67%
door
66%
will
66%
'Cause
64%
not
64%
say
64%
word
64%
your
64%
for
63%
So
63%
won't
63%
And
62%
before,
61%
how
60%
in
60%
they
60%
while
60%
ends
59%
of
58%
Or
58%
or
58%
we're
58%
there
56%
been
55%
Look,
55%
next
55%
play
55%
pretend?
55%
said
55%
why
55%
coming
53%
one
53%
tomorrow
53%
Tell
52%
that
52%
need
51%
scared
51%
honesty
50%
It's
50%
eyes
49%
eyes,
49%
wrong
49%
Let
47%
way
47%
speak
46%
wanna
46%
knows
45%
nothing
45%
what's
45%
sure
44%
They've
44%
already
42%
only
42%
having
41%
our
41%
remember
41%
cruel
40%
forgiveness
40%
you're
40%
get
39%
left
39%
vicious
39%
asking
35%
run
35%
lesson
33%
since
33%
ain't
23%
Aucun quiz correspondant
Distribution des résultats
% des personnes avec chaque résultat
Percentile par nombre de réponses
Votre historique - résultats
Vous n’avez pas pris ce quiz